[Event "Hoogovens"]
[Site "Wijk aan Zee"]
[Date "1990.??.??"]
[Round "1"]
[White "Dlugy, Maxim"]
[Black "Van der Wiel, John TH"]
[Result "1/2-1/2"]
[WhiteElo "2525"]
[BlackElo "2550"]

1.d4 Nf6 2.c4 g6 3.Nc3 Bg7 4.e4 O-O 5.Be3 d6 6.f3 c5 7.dxc5 dxc5 8.Bxc5 Nc6
9.Qxd8 Rxd8 10.Rd1 Rxd1+ 11.Kxd1 Nd7 12.Ba3 Bxc3 13.bxc3 Nde5 14.Ne2 Nxc4
15.Bc1 e5 16.Nd4 N4a5 17.Nxc6 Nxc6 18.Bc4 Be6  1/2-1/2

[Event "Hoogovens"]
[Site "Wijk aan Zee"]
[Date "1990.??.??"]
[Round "1"]
[White "Piket, Jeroen"]
[Black "Nijboer, Friso"]
[Result "1-0"]
[WhiteElo "2495"]
[BlackElo "2485"]

1.d4 Nf6 2.Nf3 e6 3.Bg5 h6 4.Bxf6 Qxf6 5.e4 d6 6.Nc3 g6 7.Qd2 Bg7 8.O-O-O Nc6
9.Bb5 O-O 10.Bxc6 bxc6 11.e5 Qf5 12.Rhe1 c5 13.Ne4 dxe5 14.dxe5 Bb7 15.Qe3 Bxe5
16.Nxe5 Qxe5 17.Nxc5 Qxe3+ 18.fxe3 Bxg2 19.Rd7 Rfd8 20.Rxc7 Rac8 21.Rxc8 Rxc8
22.b4 Kg7 23.e4 f5 24.Nxe6+ Kf6 25.exf5 gxf5 26.Kd2 Rc4 27.c3 Rh4 28.Nd4 Bd5
29.Re2 Bxa2 30.Rf2 Be6 31.b5 Bd7 32.Kd3 Re4 33.Ra2 Re7 34.Rxa7 f4 35.b6 Bc8
36.Rxe7 Kxe7 37.Nc6+ Kd6 38.Na5 Ba6+ 39.Kd4 f3 40.Ke3 Be2 41.c4 Kd7 42.c5 Kc8
43.c6 h5 44.Nb3 Bc4 45.Nd4 Bd5 46.h4 Kb8 47.c7+ Kb7 48.Nb5  1-0

[Event "Hoogovens"]
[Site "Wijk aan Zee"]
[Date "1990.??.??"]
[Round "2"]
[White "Nijboer, Friso"]
[Black "Dokhoian, Yury"]
[Result "0-1"]
[WhiteElo "2485"]
[BlackElo "2540"]

1.e4 e6 2.d4 d5 3.Nd2 c5 4.exd5 exd5 5.Ngf3 Nf6 6.Be2 Nc6 7.O-O cxd4 8.Nb3 Be7
9.Nfxd4 O-O 10.Bf4 Bd6 11.Nxc6 bxc6 12.Bxd6 Qxd6 13.c4 Re8 14.cxd5 cxd5 15.Rc1 Ba6
16.Bd3 Rab8 17.Qf3 Bxd3 18.Qxd3 Qe5 19.Rc2 Rb4 20.h3 g6 21.Rd1 Re4 22.Nd4 Nh5
23.Nf3 Qd6 24.Qa3 Qxa3 25.bxa3 Nf6 26.g3 Rc4 27.Rxc4 dxc4 28.Kf1 c3 29.Rc1 Ne4
30.Nd4 Rd8 31.Ne2 Rd3 32.Kg2 Rd2 33.Kf3 f5 34.Nxc3 Rd3+  0-1

[Event "Hoogovens"]
[Site "Wijk aan Zee"]
[Date "1990.??.??"]
[Round "3"]
[White "Dlugy, Maxim"]
[Black "Anand, Viswanathan"]
[Result "1/2-1/2"]
[WhiteElo "2525"]
[BlackElo "2555"]

1.d4 d6 2.e4 Nf6 3.f3 d5 4.exd5 Nxd5 5.c4 Nf6 6.Nc3 e6 7.Be3 Bb4 8.Ne2 O-O
9.a3 Be7 10.Qc2 Nbd7 11.O-O-O c6 12.Nf4  1/2-1/2

[Event "Hoogovens"]
[Site "Wijk aan Zee"]
[Date "1990.??.??"]
[Round "3"]
[White "Kuijf, Marinus"]
[Black "Nijboer, Friso"]
[Result "1/2-1/2"]
[WhiteElo "2490"]
[BlackElo "2485"]

1.e4 d6 2.d4 Nf6 3.Nc3 g6 4.f4 Bg7 5.Nf3 c5 6.dxc5 Qa5 7.Bd3 Qxc5 8.Qe2 O-O
9.Be3 Qa5 10.O-O Bg4 11.Qe1 Nc6 12.Kh1 Nb4 13.Nd4 Nxd3 14.cxd3 Bd7 15.Nb3 Qd8
16.a4 Ng4 17.Bg1 f5 18.h3 Nf6 19.a5 fxe4 20.dxe4 Nh5 21.Bh2 e5 22.fxe5 Bxe5
23.Bxe5 dxe5 24.Rxf8+ Qxf8 25.Qe3 Qf4 26.Qd3 Bc6 27.Nc5 Rf8 28.Ne6 Ng3+ 29.Kg1 Qf2+
30.Kh2 Nf1+ 31.Kh1 Ng3+ 32.Kh2 Nf1+ 33.Kh1 Ng3+  1/2-1/2

[Event "Hoogovens"]
[Site "Wijk aan Zee"]
[Date "1990.??.??"]
[Round "3"]
[White "Van der Wiel, John TH"]
[Black "Petursson, Margeir"]
[Result "1/2-1/2"]
[WhiteElo "2550"]
[BlackElo "2555"]

1.e4 c5 2.Nf3 Nc6 3.Bb5 d6 4.O-O Bd7 5.Re1 Nf6 6.c3 a6 7.Bf1 Bg4 8.d3 g6
9.Nbd2 Bh6 10.h3 Bxf3 11.Nxf3 Bxc1 12.Qxc1 e5 13.Qh6 Nd7 14.d4 Qf6 15.Rad1 exd4
16.cxd4 cxd4 17.Qd2 Rc8 18.Nxd4 Qxd4 19.Qxd4 Nxd4 20.Rxd4 Ke7 21.Red1 Rc6
22.b4 b5 23.a4 bxa4 24.b5 axb5 25.Bxb5 Rb6 26.Bxd7 Kxd7 27.Rxa4 Rc8 28.e5 Ke6
29.exd6 Rxd6 30.Re4+ Kd7 31.Rde1 Re6 32.Rxe6 fxe6  1/2-1/2

[Event "Hoogovens"]
[Site "Wijk aan Zee"]
[Date "1990.??.??"]
[Round "4"]
[White "Short, Nigel D"]
[Black "Piket, Jeroen"]
[Result "1/2-1/2"]
[WhiteElo "2635"]
[BlackElo "2495"]

1.e4 c5 2.Nf3 d6 3.d4 cxd4 4.Nxd4 Nf6 5.Nc3 g6 6.Be3 Bg7 7.f3 Nc6 8.Qd2 O-O
9.Bc4 Bd7 10.h4 Ne5 11.Bb3 Rc8 12.O-O-O Nc4 13.Bxc4 Rxc4 14.g4 Qa5 15.Nb3 Qa6
16.Bh6 Rxc3 17.Bxg7 Rxf3 18.Bxf8 Kxf8 19.g5 Ng4 20.h5 gxh5 21.Rxh5 Qxa2 22.Rxh7 Bc6
23.Qe2 Rxb3 24.cxb3 Qa1+ 25.Kc2 Bxe4+ 26.Qxe4 Qxd1+ 27.Kxd1 Nf2+ 28.Ke2 Nxe4
29.Rh8+ Kg7 30.Rb8 b6 31.Rb7 e5 32.Rxa7 Nxg5 33.Rb7 Kf6 34.b4 Ke6 35.b5 f5
36.Rxb6 Kd5 37.Rb8 Ne6 38.b6  1/2-1/2

[Event "Hoogovens"]
[Site "Wijk aan Zee"]
[Date "1990.??.??"]
[Round "5"]
[White "Dlugy, Maxim"]
[Black "Nijboer, Friso"]
[Result "1-0"]
[WhiteElo "2525"]
[BlackElo "2485"]

1.d4 Nf6 2.c4 g6 3.Nc3 Bg7 4.e4 d6 5.f3 O-O 6.Be3 Nc6 7.Nge2 a6 8.Qd2 Rb8
9.a3 Bd7 10.b4 b5 11.cxb5 axb5 12.d5 Ne5 13.Nd4 e6 14.Be2 c5 15.dxc6 Nxc6
16.Ndxb5 d5 17.O-O dxe4 18.Bc5 exf3 19.Bxf3 Ne5 20.Bxf8 Nxf3+ 21.Rxf3 Qxf8
22.Nd4 Ng4 23.Rd1 Qd6 24.Rg3 Qb6 25.Rxg4 e5 26.Nd5 Qa7 27.Re4 exd4 28.Re7 Qa4
29.Rf1 Be6 30.Nf6+ Bxf6 31.Rxf6 Qxa3 32.Qxd4 Qxb4 33.Re8+ Kg7 34.Qe5  1-0

[Event "Hoogovens"]
[Site "Wijk aan Zee"]
[Date "1990.??.??"]
[Round "5"]
[White "Dokhoian, Yury"]
[Black "Short, Nigel D"]
[Result "1/2-1/2"]
[WhiteElo "2540"]
[BlackElo "2635"]

1.d4 e6 2.c4 f5 3.g3 Nf6 4.Bg2 Be7 5.Nf3 O-O 6.O-O d5 7.b3 Bd7 8.Ba3 Be8
9.Qc1 a5 10.Bxe7 Qxe7 11.Qa3 Qb4 12.Rc1 Nc6 13.Qb2 a4 14.Nbd2 a3 15.Qc2 Ne4
16.e3 Bg6 17.Nf1 Qe7 18.Qe2  1/2-1/2

[Event "Hoogovens"]
[Site "Wijk aan Zee"]
[Date "1990.??.??"]
[Round "6"]
[White "Short, Nigel D"]
[Black "Kuijf, Marinus"]
[Result "1-0"]
[WhiteElo "2635"]
[BlackElo "2490"]

1.e4 c5 2.Nf3 Nc6 3.d4 cxd4 4.Nxd4 Nf6 5.Nc3 e5 6.Ndb5 d6 7.Bg5 a6 8.Na3 b5
9.Bxf6 gxf6 10.Nd5 f5 11.Bd3 Be6 12.O-O Bg7 13.Qh5 f4 14.c4 bxc4 15.Bxc4 O-O
16.Rac1 Rb8 17.b3 Qa5 18.Nc2 Kh8 19.Rfd1 Rg8 20.b4 Qd8 21.Bxa6 Bf8 22.b5 Ne7
23.Ncb4 Nxd5 24.Nxd5 Rg6 25.h3 Qa5 26.Qf3 Qxa2 27.Nb4 Qa4 28.Nc6 Rb6 29.Qd3 Rg8
30.Kh1 Qa2 31.Rd2 Qa4 32.Nd8 Be7 33.Nxe6 fxe6 34.Rc7 Re8 35.Qf3 Qa5 36.Rdc2 Rbb8
37.Kh2 Qb6 38.Rd7 Rbd8 39.Rb7  1-0

[Event "Hoogovens"]
[Site "Wijk aan Zee"]
[Date "1990.??.??"]
[Round "6"]
[White "Piket, Jeroen"]
[Black "Dokhoian, Yury"]
[Result "1-0"]
[WhiteElo "2495"]
[BlackElo "2540"]

1.d4 Nf6 2.c4 e6 3.Nf3 b6 4.g3 Ba6 5.Qb3 Nc6 6.Nbd2 Na5 7.Qc2 c5 8.e4 cxd4
9.e5 Ng8 10.Bd3 h6 11.O-O Nc6 12.a3 Nge7 13.Re1 Bb7 14.b4 Nc8 15.Bb2 Be7
16.b5 Na5 17.Nxd4 Bc5 18.Ne4 Bxe4 19.Bxe4 Rb8 20.Rad1 Qc7 21.Kg2 Ne7 22.Ne2 h5
23.h4 g6 24.Nf4 Rg8 25.Qd3 Rc8 26.Bc3 Rd8 27.Nh3 Nf5 28.Nf4 Be7 29.Bxa5 bxa5
30.Bxf5 gxf5 31.Nxh5 Bxh4 32.Qd6 Qb7+ 33.f3 Be7 34.Nf6+ Kf8 35.Qd2 Bxf6 36.exf6 Qc7
37.Qd6+ Qxd6 38.Rxd6 Rg6 39.c5 Rc8 40.Rxd7 Rxf6 41.c6 Rh6 42.Red1 Kg7 43.Rd8 Rh8
44.Rxh8 Rxh8 45.Rd7 Kf6 46.Rxa7 Ke5 47.Rd7  1-0

[Event "Hoogovens"]
[Site "Wijk aan Zee"]
[Date "1990.??.??"]
[Round "6"]
[White "Nijboer, Friso"]
[Black "Van der Wiel, John TH"]
[Result "0-1"]
[WhiteElo "2485"]
[BlackElo "2550"]

1.e4 c5 2.Nf3 d6 3.d4 cxd4 4.Nxd4 Nf6 5.Nc3 a6 6.Bg5 e6 7.f4 Qb6 8.Nb3 Be7
9.Qf3 Nbd7 10.O-O-O Qc7 11.Bd3 b5 12.Rhe1 b4 13.Bxf6 Nxf6 14.e5 Bb7 15.Ne4 dxe5
16.fxe5 Nxe4 17.Bxe4 Bxe4 18.Qxe4 O-O 19.Nd4 Rac8 20.Kb1 Rfd8 21.Nf3 a5 22.Rxd8+ Rxd8
23.Rc1 Qb6 24.c3 bxc3 25.Rxc3 Qf2 26.a3 Qxg2 27.Rc7 Rb8 28.Rc2 Qf1+ 29.Ka2 g6
30.Nd4 Bxa3 31.Nc6 Rb6 32.Qe3 Rxb2+  0-1

[Event "Hoogovens"]
[Site "Wijk aan Zee"]
[Date "1990.??.??"]
[Round "8"]
[White "Kortschnoj, Viktor"]
[Black "Van der Wiel, John TH"]
[Result "1/2-1/2"]
[WhiteElo "2625"]
[BlackElo "2550"]

1.d4 Nf6 2.c4 e6 3.Nc3 Bb4 4.Qc2 O-O 5.Bg5 c5 6.e3 h6 7.Bh4 cxd4 8.exd4 Nc6
9.Rd1 e5 10.dxe5 Nxe5 11.Bd3 Nxd3+ 12.Qxd3 Bxc3+ 13.Qxc3 Ne4 14.Bxd8 Nxc3
15.bxc3 Rxd8 16.Rd4 b6 17.Nf3 Ba6 18.Kd1 Rac8 19.Nd2 d5 20.Rxd5 Bxc4 21.Rxd8+ Rxd8
22.a3 Bb3+ 23.Ke2 Bc2 24.Nf3 Be4 25.Re1 Kf8 26.g3 Bxf3+ 27.Kxf3 Rc8 28.Rc1 Rc4
29.Ke3 Ra4 30.Ra1 Ke7 31.Kd3 Kd6 32.Kc2 Kc6 33.f3 Ra5 34.a4 g5 35.Kb3 Rf5
36.Rf1 Kc5 37.Rf2 a6 38.Rf1 Rd5 39.Kc2 Rf5 40.Kd3 Kc6 41.Kc4 Rc5+ 42.Kb3 Re5
43.g4 f5 44.f4 gxf4  1/2-1/2

[Event "Hoogovens"]
[Site "Wijk aan Zee"]
[Date "1990.??.??"]
[Round "8"]
[White "Short, Nigel D"]
[Black "Dlugy, Maxim"]
[Result "0-1"]
[WhiteElo "2635"]
[BlackElo "2525"]

1.e4 c5 2.Nf3 d6 3.d4 cxd4 4.Nxd4 Nf6 5.Nc3 Nc6 6.Bg5 e6 7.Qd2 a6 8.O-O-O h6
9.Be3 Nxd4 10.Qxd4 Qc7 11.f4 b5 12.Be2 Bb7 13.Bf3 Rc8 14.Kb1 Be7 15.e5 Bxf3
16.gxf3 dxe5 17.fxe5 Nd7 18.Rhe1 b4 19.Ne4 O-O 20.Bxh6 Nxe5 21.Qg1 Ng6 22.Bg5 Bxg5
23.Qxg5 Qxc2+ 24.Ka1 Qc7 25.Qh5 Rfd8 26.Rb1 Qf4 27.Ng5 Qh4 28.Qxh4 Nxh4 29.Re4 Nf5
30.Rxb4 Ne3  0-1

[Event "Hoogovens"]
[Site "Wijk aan Zee"]
[Date "1990.??.??"]
[Round "9"]
[White "Dlugy, Maxim"]
[Black "Piket, Jeroen"]
[Result "1-0"]
[WhiteElo "2525"]
[BlackElo "2495"]

1.d4 Nf6 2.c4 e6 3.Nf3 b6 4.g3 Bb7 5.Bg2 Bb4+ 6.Bd2 Bxd2+ 7.Qxd2 O-O 8.Nc3 d6
9.Qf4 Nbd7 10.O-O Qe7 11.e4 e5 12.Qe3 Rfe8 13.Rfe1 g6 14.Rad1 a6 15.Nd5 Nxd5
16.cxd5 c5 17.dxc6 Bxc6 18.Rc1 Rac8 19.d5 Bb5 20.Bh3 Rxc1 21.Rxc1 Nc5 22.b4 Na4
23.Bf1 Bxf1 24.Kxf1 Kg7 25.Rc6 b5 26.Qc1 Qd7 27.Kg2 h6 28.Rxa6 Rc8 29.Rc6 Rxc6
30.Qxc6 Qxc6 31.dxc6 Kf6 32.c7 Nb6 33.Nd2 Ke7 34.Nb1 Kd7 35.Nc3 Kxc7 36.Nxb5+ Kc6
37.Nc3 f5 38.f3 Nc4 39.a4 f4 40.g4 h5 41.gxh5 gxh5 42.h4 Ne3+ 43.Kf2 Kb7
44.Nd5 Nxd5 45.exd5 Ka6 46.Ke2 Kb6 47.Kd3 Ka6 48.a5 Kb5 49.Kc3 Ka6 50.Kc4 Kb7
51.b5 Ka7 52.b6+ Ka6 53.Kc3 Kb7 54.Kd3 Ka6 55.Kc4 Kb7 56.Kb5 e4 57.a6+ Kb8
58.Kc6 exf3 59.a7+  1-0

[Event "Hoogovens"]
[Site "Wijk aan Zee"]
[Date "1990.??.??"]
[Round "10"]
[White "Dokhoian, Yury"]
[Black "Dlugy, Maxim"]
[Result "1/2-1/2"]
[WhiteElo "2540"]
[BlackElo "2525"]

1.d4 d5 2.Nf3 c5 3.c4 cxd4 4.cxd5 Nf6 5.Qxd4 Qxd5 6.Nc3 Qxd4 7.Nxd4 Bd7 8.g3 Nc6
9.Nc2 e5 10.Bg2 Nd4 11.Nxd4 exd4 12.Nd5 Nxd5 13.Bxd5 Bb4+ 14.Bd2 Bxd2+ 15.Kxd2 O-O-O
16.Rac1+ Kb8 17.Rc4 Bb5 18.Rxd4 Rxd5 19.Rxd5 Bc6 20.e4 Bxd5 21.exd5 Rd8  1/2-1/2

[Event "Hoogovens"]
[Site "Wijk aan Zee"]
[Date "1990.??.??"]
[Round "10"]
[White "Piket, Jeroen"]
[Black "Van der Wiel, John TH"]
[Result "1/2-1/2"]
[WhiteElo "2495"]
[BlackElo "2550"]

1.d4 e6 2.c4 Nf6 3.Nf3 b6 4.g3 Bb7 5.Bg2 Be7 6.O-O O-O 7.Nc3 Ne4 8.Qc2 Nxc3
9.Qxc3 c5 10.Rd1 d6 11.Bf4 Nc6 12.Qd2 Nxd4 13.Nxd4 Bxg2 14.Nxe6 fxe6 15.Kxg2 Qd7
16.e4 Rad8 17.f3 Qc6 18.Bg5 Bxg5 19.Qxg5 b5 20.cxb5 Qxb5 21.Rd2 d5 22.Rc1 Qb6
23.Rcc2  1/2-1/2

[Event "Hoogovens"]
[Site "Wijk aan Zee"]
[Date "1990.??.??"]
[Round "11"]
[White "Petursson, Margeir"]
[Black "Piket, Jeroen"]
[Result "1/2-1/2"]
[WhiteElo "2555"]
[BlackElo "2495"]

1.d4 Nf6 2.c4 g6 3.Nc3 Bg7 4.e4 d6 5.Be2 O-O 6.Bg5 h6 7.Be3 c5 8.e5 dxe5
9.dxe5 Qxd1+ 10.Rxd1 Ng4 11.Bxc5 Nxe5 12.Nd5 Nbc6 13.Nf3 Be6 14.b3 Rfd8 15.O-O Rd7
16.Nf4 Bf5 17.Nxe5 Bxe5 18.Rxd7 Bxd7 19.Rd1 Rd8 20.Nd5 Kf8 21.Rd3 b6 22.Ba3 Ke8
23.f4 Bd4+ 24.Kf1 Bf5 25.Rd1 Bc2 26.Rd2 Be4 27.Bd3 Bxd3+ 28.Rxd3 Bc5 29.Bxc5 bxc5
30.Nc7+ Kf8 31.Rxd8+ Nxd8 32.Ke2 e6 33.Na6 Nb7 34.a3 Ke7 35.b4 Kd6 36.Kd3 f6
37.h4 h5 38.g3 Kc6 39.b5+ Kd6 40.Nb8 Na5 41.Kc3 Kc7 42.Na6+ Kd6 43.Nb8  1/2-1/2

[Event "Hoogovens"]
[Site "Wijk aan Zee"]
[Date "1990.??.??"]
[Round "11"]
[White "Dlugy, Maxim"]
[Black "Kuijf, Marinus"]
[Result "1/2-1/2"]
[WhiteElo "2525"]
[BlackElo "2490"]

1.d4 d5 2.c4 c6 3.Nf3 Nf6 4.Qc2 dxc4 5.Qxc4 Bf5 6.g3 e6 7.Bg2 Nbd7 8.O-O h6
9.Nc3 Be7 10.Re1 Ne4 11.Qb3 Qb6 12.g4  1/2-1/2

[Event "Hoogovens"]
[Site "Wijk aan Zee"]
[Date "1990.??.??"]
[Round "11"]
[White "Van der Wiel, John TH"]
[Black "Dokhoian, Yury"]
[Result "1/2-1/2"]
[WhiteElo "2550"]
[BlackElo "2540"]

1.e4 e6 2.d4 d5 3.Nc3 Nf6 4.Bg5 dxe4 5.Nxe4 Be7 6.Bxf6 Bxf6 7.Nf3 O-O 8.Qd2 b6
9.O-O-O Bb7 10.Qf4 Nd7 11.Bd3 Be7 12.h4 Nf6 13.Nxf6+ Bxf6 14.Ng5 h6 15.Nh7 Re8
16.Nxf6+ Qxf6 17.Qxf6 gxf6 18.f3 f5 19.Rhf1 Rad8 20.c3 f4 21.Be4 Ba6 22.Rfe1 Rd6
23.Bc2 Bb7 24.Be4 Ba6 25.Bc2 Bb7 26.Be4  1/2-1/2

[Event "Hoogovens"]
[Site "Wijk aan Zee"]
[Date "1990.??.??"]
[Round "12"]
[White "Dokhoian, Yury"]
[Black "Petursson, Margeir"]
[Result "1/2-1/2"]
[WhiteElo "2540"]
[BlackElo "2555"]

1.d4 d5 2.c4 c6 3.Nf3 Nf6 4.e3 Bf5 5.Bd3 e6 6.Nc3 Bg6 7.Bxg6 hxg6 8.Qd3 Nbd7
9.Bd2 a6 10.e4 dxc4 11.Qxc4 c5 12.Bg5 cxd4 13.Qxd4 Bc5 14.Qd2 Qc7 15.Bf4 e5
16.Bg3 Bb4 17.Qc2 Rc8  1/2-1/2

[Event "Hoogovens"]
[Site "Wijk aan Zee"]
[Date "1990.??.??"]
[Round "12"]
[White "Kuijf, Marinus"]
[Black "Van der Wiel, John TH"]
[Result "1/2-1/2"]
[WhiteElo "2490"]
[BlackElo "2550"]

1.d4 Nf6 2.c3 g6 3.Bg5 Ne4 4.Bf4 d6 5.Nd2 Nxd2 6.Qxd2 Nd7 7.e4 Bg7 8.Bh6 O-O
9.Bxg7 Kxg7 10.Bd3 e5 11.Ne2 c5 12.O-O Qe7 13.f4 f6 14.Rae1 Nb6 15.Kh1 Be6
16.b3 Rad8 17.Qe3  1/2-1/2

[Event "Hoogovens"]
[Site "Wijk aan Zee"]
[Date "1990.??.??"]
[Round "13"]
[White "Petursson, Margeir"]
[Black "Kuijf, Marinus"]
[Result "1/2-1/2"]
[WhiteElo "2555"]
[BlackElo "2490"]

1.d4 d5 2.c4 c6 3.Nf3 Nf6 4.Nc3 e6 5.Bg5 dxc4 6.a4 Bb4 7.e4 Bxc3+ 8.bxc3 Qa5
9.e5 Ne4 10.Rc1 Qd5 11.Be3 c5 12.Be2 Nc6 13.O-O O-O 14.Qc2 cxd4 15.cxd4 c3
16.Bd3 Nb4 17.Bxe4 Nxc2 18.Bxd5 Nxe3 19.fxe3 exd5 20.Rxc3 Bd7 21.Rc7 Bxa4
22.Rxb7 Bc6 23.Rc7 Bb5 24.Rb1 a6 25.Rc5 Rfd8 26.Rbc1 h6 27.Nd2 Kh7 28.Nb1 f6
29.exf6 gxf6 30.Nc3 Bc4 31.e4 a5 32.exd5 Bb3 33.Rf1 Ra6 34.Rb5 a4 35.Rf3 Kh8
36.Re3 Rd7 37.h4 Ra8 38.Ne4 Re8 39.Kf2 Rxd5 40.Rb7 Rf5+ 41.Rf3 Rxf3+ 42.gxf3 Bd5
43.Rc7 Bxe4 44.fxe4 a3 45.Ra7 Rxe4 46.d5 Rd4 47.Rxa3 Rxd5 48.Ra7 Kg8 49.Kg3 Rd4
50.Rb7 Re4 51.Ra7 h5 52.Rb7 Rg4+ 53.Kh3 Rg7 54.Rb5 Rh7 55.Kg3 Kg7 56.Kf4 Kg6
57.Rb8 Ra7 58.Rg8+ Kf7 59.Rb8 Ra4+ 60.Kf5 Ra5+ 61.Kf4 Kg6 62.Rg8+ Kh6 63.Ke4 Kh7
64.Rg1 Ra2 65.Kf5 Rf2+ 66.Ke6 Rf4 67.Kf7 Rg4 68.Rf1 Rxh4 69.Kxf6 Kh6 70.Kf5 Ra4
71.Rb1  1/2-1/2